| 000 | 00590nam a22002057a 4500 | ||
|---|---|---|---|
| 003 | OSt | ||
| 005 | 20151014204749.0 | ||
| 008 | 151014b xxu||||| |||| 00| 0 eng d | ||
| 020 | _a9781856490825 | ||
| 040 | _cDDC | ||
| 082 | _a338.9 BUR 1993 | ||
| 100 |
_aBurkey, Stan _95870 |
||
| 245 |
_aPeople first: _ba guide to self-reliant, participatory rural development |
||
| 260 |
_aLondon; _bZedbooks, _c1993 |
||
| 300 |
_axix,244p; _bill: _c22cm |
||
| 504 | _aReferences, & index included | ||
| 650 |
_aRural development _92024 |
||
| 650 |
_aEconomic development _9521 |
||
| 942 |
_2ddc _cO_SHELF |
||
| 999 |
_c2337 _d2337 |
||